[Event "Interzonal-16"]
[Site "Biel"]
[Date "1993.??.??"]
[Round "7"]
[White "Bareev, Evgeny"]
[Black "Kramnik, Vladimir"]
[Result "1/2-1/2"]
[WhiteElo "2660"]
[BlackElo "2710"]
[Annotator "ChessBase"]
[PlyCount "23"]
[EventDate "1993.07.16"]
[EventType "swiss"]
[EventRounds "13"]
[EventCountry "SUI"]
[SourceTitle "CBM 037"]
[Source "ChessBase"]
[SourceDate "1993.12.01"]
[SourceVersion "1"]
[SourceVersionDate "1993.12.01"]
[SourceQuality "1"]

1. d4 d5 2. Nf3 c6 3. c4 e6 4. Qc2 Nd7 5. cxd5 exd5 6. Bf4 Ngf6 7. Nc3 Nh5 8. g3 $5 (8. Bd2) ({RR} 8. Bd2 Be7 9. g4 Nhf6 10. g5 Nh5 11. e4 dxe4 12. Nxe4 Nb6 13. Be2 g6 14. O-O-O Bf5 15. Nh4 Bxe4 16. Qxe4 Qd5 17. Qxd5 Nxd5 18. Bxh5 gxh5 19. Nf5 Kd7 20. h4 f6 21. Ng3 fxg5 22. hxg5 Raf8 {Dudin,G (2516)-Caruana,F (2803) chess.com INT 2025 0-1 (46)}) ({RR} 8. Bg3 Nxg3 9. hxg3 Nf6 10. e3 Bd6 11. Bd3 Qe7 12. O-O-O Bg4 13. Bxh7 Nxh7 14. Rxh7 Rxh7 15. Qxh7 Qf6 16. Qh8+ Bf8 17. Qh4 Qxh4 18. gxh4 Rd8 19. Rh1 Bxf3 20. gxf3 Rd6 21. Ne2 Rh6 22. Ng3 Be7 {Bareev,E (2711)-Kiriakov,P (2568) Playchess.com INT 2004 0-1 (46)}) 8... Be7 ({RR} 8... Nxf4 9. gxf4 Nb6 10. e3 g6 11. h4 Bb4 12. Bd3 Bg4 13. Ne5 Bh5 14. Be2 Bxe2 15. Kxe2 f6 16. Nd3 Bxc3 17. Qxc3 Qe7 18. Qc5 Nc4 19. Qxe7+ Kxe7 20. h5 Rag8 21. hxg6 hxg6 22. a4 a5 23. b3 {Topalov,V (2754)-Carlsen,M (2851) Stavanger 2016 ½-½}) 9. h4 Nxf4 $146 ({RR} 9... Ndf6 10. e3 Nxf4 11. gxf4 Bg4 12. Ne5 Bh5 13. Be2 Bxe2 14. Kxe2 Nd7 15. Rag1 Bf6 16. h5 Qe7 17. a3 Nb6 18. Rg2 O-O-O 19. Na4 Nxa4 20. Qxa4 Kb8 21. Qb4 Qe6 22. f5 Qe8 23. f4 Rc8 24. Qc3 {Salem,A (2690)-Najer,E (2661) Warsaw 2021 1-0 (46)}) ({RR} 9... Ndf6 10. e3 Nxf4 11. gxf4 Bg4 12. Ne5 Bh5 13. Be2 Bxe2 14. Kxe2 Nd7 15. Rag1 Bf6 16. h5 Qe7 17. a3 Nb6 18. Rg2 O-O-O 19. Na4 Nxa4 20. Qxa4 Kb8 21. Qb4 Qe6 22. f5 Qe8 23. f4 Rc8 24. Qc3 {Salem,A (2690)-Najer,E (2661) Warsaw 2021 1-0 (46)}) 10. gxf4 Nf6 11. O-O-O g6 12. e3 1/2-1/2

[Event "FIDE Grand Swiss"]
[Site "Samarkand"]
[Date "2025.09.11"]
[Round "7"]
[White "Anton Guijarro, David"]
[Black "Eljanov, Pavel"]
[Result "1-0"]
[WhiteElo "2625"]
[BlackElo "2680"]
[PlyCount "95"]
[EventDate "2025.09.04"]
[EventType "swiss"]
[EventRounds "11"]
[EventCountry "UZB"]
[SourceTitle "Mega2025 Update 46"]
[Source "Chessbase"]
[SourceDate "2025.09.19"]
[SourceVersion "1"]
[SourceVersionDate "2025.09.19"]
[SourceQuality "1"]

1. d4 Nf6 2. c4 e6 3. Nf3 d5 4. Nc3 Nbd7 5. cxd5 exd5 6. Bf4 c6 7. e3 Nh5 8. Bg5 Be7 9. Bxe7 Qxe7 10. Be2 O-O 11. O-O Nhf6 ({RR} 11... g6 12. Ne1 Nhf6 13. Nd3 Ne4 14. Rc1 Nd6 15. b4 b5 16. a4 a6 17. Ra1 Bb7 18. Qb3 Nc4 19. Ra2 Rfe8 20. Rfa1 Rab8 21. axb5 axb5 22. Nd1 h5 23. Ra7 h4 24. h3 Qg5 25. Qc3 Nf6 26. Bf3 {Carlsen,M (2859)-Nakamura,H (2768) chess.com INT 2022 1-0 (90)}) 12. Re1 $146 {[%mdl 4] Leaves trodden paths. Verlässt die ausgetretenen Pfade.} ({RR} 12. Qc2 Ne4 13. b4 Qxb4 14. Nxe4 dxe4 15. Qxe4 Nf6 16. Qc2 Bg4 17. Ne5 Bxe2 {½-½ (17) Sauer,B (1834)-Werner,D (2035) Heusenstamm 2016}) ({RR} 12. Qc2 Re8 13. Rab1 a5 14. a3 Qd6 15. Rfc1 Nb6 16. b4 axb4 17. axb4 Bg4 18. Ne5 Bxe2 19. Qxe2 Nfd7 20. Nd3 Nc4 21. b5 Ra3 22. h3 h6 23. Rc2 Rea8 24. Rbc1 Ra1 25. bxc6 bxc6 26. g3 R1a3 {Abdusattorov,N (2751)-Ter Sahakyan,S (2613) chess.com INT 2026 1-0 (50)}) 12... Re8 13. Bd3 Ne4 14. Nd2 Ndf6 15. f3 Nxd2 16. Qxd2 Be6 $146 (16... Qd6 17. Rad1 Bd7 18. Bb1 g6 19. Qf2 Nh5 20. e4 Rac8 21. a3 a5 22. Na4 Rb8 23. Nc5 b6 24. Nxd7 Qxd7 {0-1 Lotz,R-Hoffmann,H (2236) Bad Wildbad op 2001 (4)}) 17. a3 Rad8 18. b4 Nd7 19. Qc2 Qh4 20. Qf2 Qf6 21. g4 h5 22. h3 hxg4 23. hxg4 Qg5 24. Qg3 f5 25. Qf4 Qxf4 26. exf4 Nb6 27. gxf5 Bd7 28. Re5 Nc4 29. Ne2 Rf8 30. Ng3 Rf7 31. Kf2 Rdf8 32. Rg1 Nxe5 33. fxe5 Bxf5 34. Nxf5 Rxf5 35. Bxf5 Rxf5 36. Rh1 g6 37. a4 Rf8 38. Kg3 Ra8 39. Kf4 Kg7 40. Kg5 Rf8 41. f4 a6 42. Rc1 Rf5+ 43. Kg4 Rf8 44. b5 axb5 45. axb5 Rc8 46. f5 gxf5+ 47. Kxf5 Kf7 48. Rh1 1-0

[Event "Sao Paulo GCT Finals"]
[Site "Sao Paulo"]
[Date "2025.10.03"]
[Round "2.4"]
[White "Caruana, Fabiano"]
[Black "Vachier Lagrave, Maxime"]
[Result "1/2-1/2"]
[WhiteElo "2789"]
[BlackElo "2738"]
[PlyCount "217"]
[EventDate "2025.09.28"]
[EventType "k.o."]
[EventRounds "2"]
[EventCountry "BRA"]
[SourceTitle "Mega2025 Update 49"]
[Source "Chessbase"]
[SourceDate "2025.10.11"]
[SourceVersion "1"]
[SourceVersionDate "2025.10.11"]
[SourceQuality "1"]

1. d4 d5 2. c4 e6 3. Nc3 Nf6 4. cxd5 exd5 5. Bg5 Be7 6. e3 h6 {is cutting edge theory. ist die Avantgarde der Theorie.} 7. Bh4 Bg4 8. Qc2 O-O 9. h3 Be6 10. Rd1 ({RR} 10. Bd3 Ne8 11. Bxe7 Qxe7 12. Nge2 Nd6 13. Nf4 c6 14. O-O Nd7 15. Rae1 Rae8 16. f3 Qh4 17. Qf2 Qxf2+ 18. Kxf2 g5 19. Nfe2 f5 20. h4 Kg7 21. Rh1 Nf6 22. hxg5 hxg5 23. Ng3 Nfe4+ 24. Bxe4 fxe4 {Vidit,S (2716)-Carlsen,M (2839) chess.com INT 2023 0-1 (73)}) 10... Nbd7 $146 (10... Ne8 11. Bxe7 Qxe7 12. Bd3 Nd6 13. Nge2 Nd7 14. O-O c6 15. f3 f5 16. Rde1 Rae8 {1-0 Nguyen,T (2650)-Pranav,A (2532) Sharjah Masters 7th 2024 (1)}) 11. Bd3 c5 12. dxc5 $146 ({RR} 12. Nge2 Qb6 13. O-O Rac8 14. Nf4 cxd4 15. exd4 Rfe8 16. Rfe1 Bb4 17. Qa4 Qa5 18. Qxa5 Bxa5 19. Nxe6 fxe6 20. Bg6 Re7 21. Bf5 Kf7 22. Bd3 Bxc3 23. bxc3 Rxc3 24. Re3 Rc6 25. f4 Nf8 26. g4 Rec7 {Putnam,L (2515)-Ngo,B (2381) Saint Louis USA 2026 0-1 (55)}) 12... Nxc5 13. Nge2 Rc8 14. O-O Qb6 15. Nf4 Nxd3 16. Qxd3 Qxb2 17. Bxf6 Bxf6 18. Ncxd5 Bxd5 19. Nxd5 Qxa2 20. Nxf6+ gxf6 21. Qd4 Qe6 22. Qxa7 b5 23. Rb1 Qf5 24. Qa5 Rc5 25. Rb4 Rfc8 26. Kh2 Qe5+ 27. g3 Rc2 28. Qa6 R2c6 29. Qb7 R6c7 30. Qf3 Rc4 31. Rfb1 R8c5 32. Rxc4 Rxc4 33. Rd1 Kg7 34. Rd7 Qe6 35. Rb7 Qc6 36. Qxc6 Rxc6 37. Rxb5 Rc2 38. Kg2 Ra2 39. g4 Ra1 40. Kg3 Ra2 41. Rf5 Kg6 42. Rf4 Rb2 43. Rc4 Ra2 44. Rc8 Kg7 45. Re8 Rb2 46. f3 Rb1 47. h4 Rg1+ 48. Kf4 Rh1 49. h5 Ra1 50. Rb8 Ra4+ 51. e4 Ra3 52. Rb5 Rc3 53. Kg3 Ra3 54. Rb1 Rc3 55. Re1 Ra3 56. Kf4 Rb3 57. Re3 Rb5 58. Rd3 Ra5 59. Re3 Rb5 60. e5 fxe5+ 61. Rxe5 Rb3 62. Ra5 Rb4+ 63. Kf5 Rb3 64. f4 Rh3 65. Ra1 Rh2 66. Ke4 Re2+ 67. Kf3 Rb2 68. Ra3 Rb5 69. Kg3 Rc5 70. Kh4 Rc4 71. Rf3 Kf6 72. Kg3 Rc5 73. Re3 Kg7 74. Re5 Rc3+ 75. Kh4 Rf3 76. Re4 f6 77. f5 Ra3 78. Re7+ Kg8 79. Re1 Kf7 80. Rg1 Ke7 81. Rg3 Ra4 82. Rb3 Kf7 83. Kg3 Kg7 84. Kf3 Rc4 85. Rb7+ Kg8 86. Re7 Ra4 87. Re4 Ra3+ 88. Kf4 Kf7 89. Rb4 Ra7 90. Ke4 Rd7 91. Rd4 Re7+ 92. Kd5 Re1 93. Kd6 Re2 94. Kd7 Re1 95. Kc8 Re8+ 96. Kc7 Re1 97. Rd7+ Kg8 98. Kd6 Re2 99. Rb7 Re4 100. Ra7 Re1 101. Kd7 Re4 102. Rb7 Kf8 103. Kd6 Kg8 104. Rd7 Re1 105. Re7 Ra1 106. Rb7 Re1 107. Re7 Ra1 108. Rb7 Re1 109. Re7 1/2-1/2

[Event "FRA-chT Top 12"]
[Site "Montpellier"]
[Date "2015.06.02"]
[Round "4.3"]
[White "Riazantsev, Alexander"]
[Black "Fressinet, Laurent"]
[Result "1/2-1/2"]
[WhiteElo "2671"]
[BlackElo "2712"]
[Annotator "ChessBase II"]
[PlyCount "35"]
[EventDate "2015.05.30"]
[EventType "team-tourn"]
[EventRounds "11"]
[EventCountry "FRA"]
[SourceTitle "CBM 166 Extra"]
[Source "ChessBase"]
[SourceDate "2015.06.18"]
[SourceVersion "1"]
[SourceVersionDate "2015.06.18"]
[SourceQuality "1"]
[WhiteTeam "Metz Fischer"]
[BlackTeam "Clichy-Echecs 92"]
[WhiteTeamCountry "FRA"]
[BlackTeamCountry "FRA"]

1. d4 Nf6 2. c4 e6 3. Nf3 d5 4. Nc3 c6 5. Bg5 Nbd7 6. cxd5 exd5 7. e3 Be7 8. Bd3 Ne4 9. Bxe7 Qxe7 10. Qc2 Ndf6 11. O-O O-O 12. Ne5 Nxc3 (12... Bf5 13. Ne2 g6 14. Nf4 Nd6 {½-½ (14) Postny,E (2641)-Fressinet,L (2711) Saint Quentin 2014}) ({RR} 12... Bf5 13. Ne2 g6 14. f3 Nd6 15. Ng3 Bxd3 16. Qxd3 c5 17. dxc5 Qxe5 18. cxd6 Qxd6 19. Qb3 Qb6 20. Qxb6 axb6 21. Ne2 Rfc8 22. Nc3 Rc4 23. Rfd1 Rd8 24. Rd3 Kg7 25. Rad1 Ra8 26. a3 Ra5 27. Kf1 {Margaritis,I (2139)-Davidov,L (2022) Belgrade SRB 2026 1-0 (71)}) ({RR} 12... Re8 13. Rac1 Bf5 14. Rfe1 g6 {½-½ (14) Riazantsev,A (2654)-Adams,M (2736) Geneva 2017}) 13. bxc3 c5 ({RR} 13... g6 14. Rab1 c5 15. Qb2 b6 16. a4 Nd7 17. Nf3 Bb7 18. Qa3 Qf6 19. Bb5 Bc6 20. Rfe1 a6 21. Bxc6 Qxc6 22. Rb2 Rfe8 23. Reb1 Rac8 24. h3 Kg7 25. Ne1 Qf6 26. Nd3 Qf5 27. Nf4 Rc6 28. dxc5 {Anand,V (2801)-Bacrot,E (2695) Moscow 2007 1-0 (48)}) 14. Qb2 Be6 $146 (14... c4 15. Bc2 Ne8 16. Rae1 f6 17. Nf3 Nd6 18. Qb1 f5 19. Ne5 Ne4 20. Bxe4 fxe4 21. f3 exf3 22. Rxf3 Be6 23. e4 Qh4 24. g3 Qh6 25. Qxb7 Rxf3 26. Qxa8+ Rf8 27. Qc6 Kh8 28. exd5 Qf6 29. Ng6+ hxg6 30. Qxe6 {½-½ (30) Leepin,P-Euwe,M Basel 1952}) ({RR} 14... c4 15. Bc2 Ne8 16. Rae1 f6 17. Nf3 Nd6 18. Qb1 f5 19. Ne5 Ne4 20. Bxe4 fxe4 21. f3 exf3 22. Rxf3 Be6 23. e4 Qh4 24. g3 Qh6 25. Qxb7 Rxf3 26. Qxa8+ Rf8 27. Qc6 Kh8 28. exd5 Qf6 29. Ng6+ {Leepin,P-Euwe,M Basel 1952 ½-½}) 15. Rfb1 cxd4 16. cxd4 Rac8 17. a4 Ne4 18. Rc1 (18. a5 {[%csl Rb7]}) 1/2-1/2

[Event "EU-chT 25th"]
[Site "Batumi"]
[Date "2025.10.06"]
[Round "2.7"]
[White "Theodorou, Nikolas"]
[Black "Rodshtein, Maxim"]
[Result "1-0"]
[WhiteElo "2652"]
[BlackElo "2647"]
[PlyCount "105"]
[EventDate "2025.10.05"]
[EventType "team-swiss"]
[EventRounds "9"]
[EventCountry "RUS"]
[SourceTitle "Mega2025 Update 50"]
[Source "Chessbase"]
[SourceDate "2025.10.20"]
[SourceVersion "1"]
[SourceVersionDate "2025.10.20"]
[SourceQuality "1"]
[WhiteTeam "Greece"]
[BlackTeam "Israel"]
[WhiteTeamCountry "GRE"]
[BlackTeamCountry "ISR"]

1. d4 d5 2. c4 c6 3. Nf3 Nf6 4. Nc3 e6 5. cxd5 exd5 6. Bf4 Bf5 7. e3 Nbd7 8. h3 $1 {[%mdl 4] is more profitable than 8.Bd3 at the moment. scheint profitabler als 8.Ld3.} Be7 9. g4 Bg6 10. Nh4 Qb6 11. Qb3 O-O 12. Nxg6 hxg6 13. Be2 $146 (13. Bd3 Qxb3 14. axb3 Ne8 15. f3 Bd6 16. Bg5 Nc7 17. e4 dxe4 18. fxe4 Ne6 19. Be3 {½-½ Doshi,M (2397)-Delchev,A (2513) Zadar 2023 (5)}) ({RR} 13. Bd3 Qxb3 14. axb3 Ne8 15. f3 Bd6 16. Bg5 Nc7 17. e4 dxe4 18. fxe4 Ne6 19. Be3 c5 20. d5 Nc7 21. O-O-O a6 22. h4 b5 23. g5 Ne5 24. Be2 Rae8 25. Rhf1 Nd7 26. Bf3 Ne5 27. Be2 Nd7 {Moksh,A (2397)-Delchev,A (2513) Zadar CRO 2023 ½-½}) 13... Qxb3 14. axb3 Rfe8 15. h4 Nf8 16. g5 Nh5 17. Bh2 f6 18. Rg1 Kf7 19. Kd2 Ne6 20. Bd3 f5 21. Be5 a6 22. Kc2 Rad8 23. Be2 c5 24. Bf3 cxd4 25. Nxd5 dxe3 26. fxe3 Bd6 27. Bxd6 Rxd6 28. Rad1 Nc5 29. b4 Ne4 30. Nc3 Rxd1 31. Rxd1 Nhg3 32. Rd7+ Re7 33. Rxe7+ Kxe7 34. Kd3 Nxc3 35. bxc3 b6 36. c4 Kd6 37. Bd5 Ke5 38. Bb7 a5 39. c5 axb4 40. cxb6 Kd6 41. Bd5 Nf1 42. Bg2 Nh2 43. Kc4 Ng4 44. Kxb4 Nxe3 45. Kb5 Ng4 46. Bc6 Ne5 47. Be8 f4 48. Ka6 Nd3 49. b7 Nc5+ 50. Ka7 Nxb7 51. Kxb7 f3 52. Bxg6 Ke5 53. h5 1-0

[Event "FIDE Grand Swiss"]
[Site "Samarkand"]
[Date "2025.09.11"]
[Round "7"]
[White "Vidit, Santosh Gujrathi"]
[Black "Maurizzi, Marc Andria"]
[Result "1-0"]
[WhiteElo "2720"]
[BlackElo "2604"]
[PlyCount "97"]
[EventDate "2025.09.04"]
[EventType "swiss"]
[EventRounds "11"]
[EventCountry "UZB"]
[SourceTitle "Mega2025 Update 46"]
[Source "Chessbase"]
[SourceDate "2025.09.19"]
[SourceVersion "1"]
[SourceVersionDate "2025.09.19"]
[SourceQuality "1"]

1. d4 {Krasenkow,Michal Krasenkow,Michal} d5 2. c4 e6 3. Nc3 Be7 4. cxd5 exd5 5. Bf4 Nf6 6. e3 Bf5 {seems to push 6...0-0 aside. setzt sich inzwischen gegen 6...0-0 durch.} 7. Qb3 Nc6 8. g4 {8.a3 is not played anymore. 8.a3 wird inzwischen seltener gespielt.} ({RR} 8. Qxb7) 8... Bd7 $146 (8... Nxg4 9. Qxd5 ({RR} 9. Nxd5 O-O 10. Bg2 Bh4 11. Bg3 Be6 12. Kf1 a5 13. Nh3 a4 14. Qc4 Na5 15. Qc5 b6 16. Bxh4 bxc5 17. Bxd8 Raxd8 18. Ne7+ Kh8 19. d5 Bd7) ({RR} 9. Qxd5 Qc8) ({RR} 9. Nxd5 O-O 10. Bg2 Bh4 11. Bg3 Be6 12. Kf1 a5 13. Nh3 a4 14. Qc4 Na5 15. Qc5 b6 16. Bxh4 bxc5 17. Bxd8 Raxd8 18. Ne7+ Kh8 19. d5 Bd7) ({RR} 9. a3 O-O 10. Bg2 Bh4 11. Bg3 Bxg3 ({RR} 11... Be6) ({RR} 11... Re8) 12. hxg3 Ne7 13. Nxd5 Nxd5 14. Qxd5 Qxd5 15. Bxd5 Rad8 16. Bxb7 Rb8 17. Bf3 Rxb2 18. Ne2) 9... Qc8 10. a3 O-O 11. Rd1 Re8 12. Nge2 Bh4 13. Bg3 Nf6 14. Qg2 Bxg3 15. Qxg3 Ne7 {½-½ Santos Latasa,J (2624)-Fridman,D (2577) Bundesliga 2425 2024 (3.2)}) ({RR} 8... Bc8 9. h3 ({RR} 9. g5 Nh5) 9... Bd6 ({RR} 9... Na5 10. Qc2 c6 11. O-O-O Be6 12. Kb1 Rc8 13. Bd3 b5 14. Nge2 Nc4 15. Bg3 Qa5 16. Nf4 Bb4 17. Nce2 c5 18. g5) 10. Bxd6 cxd6 ({RR} 10... Qxd6 11. g5 Ne4 12. Qxd5) 11. Nge2 h5 12. g5 Ne4 13. h4 O-O 14. Bg2 Bg4 15. Nf4 Rc8 16. Qxd5 Nxc3 17. bxc3 Ne7 18. Qb3 Nf5 19. g6 ({RR} 19. f3 Nxe3 20. fxg4 Qe8 ({RR} 20... Re8 21. Kf2 Nxg4+ 22. Kg1) 21. Kd2 Nc4+ 22. Kc2 Qe3 23. Raf1) ({RR} 19. Bd5) 19... Nxh4 20. Bd5 Nf3+ 21. Bxf3 Bxf3 22. Rh3 Bg4 23. Rg3 {Morozevich,A (2700)-Onischuk,A (2683) Reggio Emilia 2011 CBM 140 [Krasenkow,Michal] 0-1 (47)}) ({RR} 8... Bxg4 9. Qxb7 Nb4 10. Rc1 Bf5 11. Bxc7 Qc8 12. Qxc8+ Rxc8 13. Be5) ({RR} 8... Nxg4 9. a3 O-O 10. Bg2 Bh4 11. Bg3 Bxg3 ({RR} 11... Be6) ({RR} 11... Re8) 12. hxg3 Ne7 13. Nxd5 Nxd5 14. Qxd5 Qxd5 15. Bxd5 Rad8 16. Bxb7 Rb8 17. Bf3 Rxb2 18. Ne2) ({RR} 8... Nxg4 9. Qxd5 Qc8 10. Qg2 O-O ({RR} 10... Nf6) 11. e4 Bxe4 ({RR} 11... Bg6 12. O-O-O) ({RR} 11... Nxd4 12. O-O-O Bc5) 12. Nxe4 Bb4+ 13. Nc3 Qf5 14. Be2 Rfe8 15. Kf1 Nf6 ({RR} 15... Qxf4 16. Qxg4 Qd2 17. Rb1) ({RR} 15... h5 16. Qg3 Nxd4 17. Bd3) 16. Bh6 g6 17. Qg5 Nxd4 18. Rd1 ({RR} 18. Qxf5 Nxf5 19. Bd2) 18... Bxc3 19. bxc3 Ne4 ({RR} 19... Rxe2 20. Nxe2 Qh3+ 21. Qg2 Qxg2+ 22. Kxg2 Nxe2 23. Rd3) 20. Qxf5 Nxf5 21. Bd2 Rad8 22. Be1 Rxd1 23. Bxd1 {Aronian,L (2808)-Kramnik,V (2785) Monte Carlo 2011 CBM 142 [Krasenkow,Michal] 1-0 (39)}) ({RR} 8... Nxg4 9. Qxd5 Qxd5 10. Nxd5 Bb4+ 11. Nc3 O-O-O 12. Nge2 Rhe8 13. Bg2 Bd3 14. Bf3 Nf6 15. O-O-O Bg6 16. h4 Bh5 17. Rh3 Bxf3 18. Rxf3 Ne4 19. Nxe4 Rxe4 20. Ng3 Ree8 21. Nh5 g6 22. Nf6 Rh8 23. d5 {Ilinca,F (2397)-Balakrishnan,P (2489) San Vicente ESP 2025 1-0 (63)}) 9. h3 O-O 10. Nge2 Na5 11. Qc2 c5 12. dxc5 Bxc5 13. Bg2 Rc8 14. O-O Be6 15. Rad1 Qe8 16. Qb1 Nc4 17. b3 Nb6 18. Bg5 d4 19. exd4 Be7 20. Bxb7 Rc7 21. Bg2 Nfd5 22. Bxe7 Qxe7 23. Qd3 Rfc8 24. Rc1 g6 25. Nxd5 Bxd5 26. Rxc7 Rxc7 27. Nc3 Bxg2 28. Kxg2 h5 29. Qf3 hxg4 30. hxg4 Qb4 31. Ne4 Nd5 32. Rd1 Qe7 33. Nc5 Qg5 34. Re1 Nf4+ 35. Kf1 Qh6 36. b4 g5 37. Re8+ Kg7 38. a3 Qh7 39. Re5 Qb1+ 40. Re1 Qh7 41. d5 Qh6 42. Re8 Qf6 43. Qe4 Ng6 44. Qd3 Rc8 45. Re4 Nf4 46. Qd4 Rh8 47. Ke1 Rh1+ 48. Kd2 Nxd5 49. Re5 1-0

[Event "GCT Warsaw 2024"]
[Site "Warsaw, Poland"]
[Date "2024.05.12"]
[Round "25.2"]
[White "Duda, Jan-Krzysztof"]
[Black "Giri, Anish"]
[Result "1-0"]
[WhiteElo "2748"]
[BlackElo "2687"]
[PlyCount "111"]
[EventDate "2024.??.??"]

1. d4 {Edouard,Romain} d5 2. c4 e6 3. Nc3 Nf6 4. cxd5 exd5 5. Bg5 c6 6. e3 Bf5 7. Qb3 ({RR} 7. Qf3 Bg6 8. Bxf6 Qxf6 9. Qxf6 gxf6) 7... Qb6 ({RR} 7... b6 8. Rc1 Be7 9. Nf3 O-O 10. Ne5 h6 11. Bf4 Bd6 12. Be2 Qe7 13. O-O) 8. Bxf6 ({RR} 8. Qxb6 axb6 9. Bxf6 gxf6 10. Nge2 Nd7 11. Ng3 Bg6 12. h4 h6 13. Kd2 Bd6 14. Bd3 Bxd3 15. Kxd3 Bxg3 16. fxg3 Rg8 17. Ne2 {½-½ (17) Kishnev,S (2500)-Chuchelov,V (2534) Germany 1999}) 8... gxf6 9. Kd2 Nd7 ({RR} 9... Bb4 10. Bd3 Bg6 11. Nge2) ({RR} 9... Qc7 10. Rc1 Qd7 11. Nf3) ({RR} 9... Rg8 10. Nge2 h5 11. Nf4 h4 12. g3 Rh8 13. Bd3 Bxd3 14. Nxd3 Nd7 15. Qc2 Bd6 16. Rag1 Qc7 17. Ne1 Nb6 18. Nf3 Nc4+ 19. Ke2 h3 20. b3 Nb6 21. Na4 Nd7 22. Rb1 Qa5 23. Nh4 O-O-O 24. Qf5 {Popov,M (2321)-Kuznetsova,M (2149) Orsha BLR 2026 1-0 (46)}) 10. Bd3 Be6 $146 ({RR} 10... Qxb3 11. axb3 Be6 12. Nge2 Bd6 13. Ng3 Nb6 14. Nh5 Ke7 15. h3 h6 16. g4 Rhd8 17. f4 a6 18. Rhe1 c5 19. f5 Bd7 20. Bf1 Bc6 21. Kc2 Rac8 22. Bg2 c4 23. e4 dxe4 24. Bxe4 Kf8 25. Bxc6 {Yrjola,J (2455)-Muco,F (2440) Thessaloniki 1988 ½-½ (37)}) ({RR} 10... Bg6 11. Nge2 Bd6 12. g3 Qxb3 13. axb3 a5 14. h4 h5 15. Nf4 Bxf4 16. gxf4 Bxd3 17. Kxd3 Ke7 18. f5 Nb6 19. Rhg1 Nc8 20. f3 Nd6 21. e4 Ra6 22. Rae1 dxe4+ 23. fxe4 Rb6 24. e5 fxe5 25. f6+ {Batsiashvili,N (2487)-Bulmaga,I (2430) Budva MNE 2023 ½-½ (71)}) ({RR} 10... Bg6 11. Nf3 Qxb3 12. axb3 Nb6 13. Nh4 Kd7 14. f4 ({RR} 14. g4 Nc8) 14... Bxd3 ({RR} 14... Rg8 15. f5 Bh5 16. h3 Rg3) 15. Kxd3 Bb4 16. Rhe1 Nc8 17. e4 dxe4+ 18. Rxe4 Nd6 19. Re2 a5 20. Ne4 Nxe4 21. Rxe4 Rae8 ({RR} 21... Ra6) 22. Rxe8 Rxe8 23. Nf5 Kc7 24. Rf1 Kb6 25. Ne3 {Vachier Lagrave,M (2778)-Anand,V (2753) Chess.com INT 2020 CBM 196 [Edouard,Romain] ½-½ (60)} ({RR} 25. Rf3 Re1)) ({RR} 10... Qxb3 11. axb3 Be6 12. Nge2) 11. Nf3 Qxb3 12. axb3 Nb6 13. Nh4 Bb4 14. Kc2 Kd7 15. Rhc1 a6 16. Ne2 Nc8 17. Ng3 Nd6 18. h3 Ke7 19. Ra4 a5 20. Raa1 Rac8 21. Kd1 b6 22. Ngf5+ Nxf5 23. Nxf5+ Bxf5 24. Bxf5 Rc7 25. Ke2 h6 26. Kf3 Rg8 27. h4 c5 28. Rc2 Rd8 29. Rac1 Kf8 30. Kg4 Re7 31. Rd1 Kg7 32. Kh3 Rd6 33. Rcc1 Re8 34. Kg4 Re7 35. Kf3 Re8 36. Rh1 h5 37. Rhd1 Red8 38. g3 Kh6 39. Kf4 Re8 40. Rd3 Red8 41. Bh3 cxd4 42. exd4 Re8 43. Kf3 Kg6 44. Re3 Rdd8 45. Rc6 Bd2 46. Rd3 Bb4 47. Rxb6 Re1 48. Kg2 Re2 49. Rf3 Rd6 50. Rb7 Rxb2 51. Bf5+ Kg7 52. Re3 Rc6 53. Be6 Rcc2 54. Rxf7+ Kg6 55. Rf3 f5 56. R3xf5 1-0

[Event "Khanty-Mansiysk Karpov 22nd"]
[Site "Khanty Mansiysk"]
[Date "2025.07.24"]
[Round "9"]
[White "Sargsyan, Shant"]
[Black "Nesterov, Arseniy"]
[Result "1/2-1/2"]
[WhiteElo "2669"]
[BlackElo "2601"]
[PlyCount "59"]
[EventDate "2025.07.15"]
[EventType "tourn"]
[EventRounds "9"]
[EventCountry "RUS"]
[EventCategory "16"]
[SourceTitle "Mega2025 Update 39"]
[Source "Chessbase"]
[SourceDate "2025.07.31"]
[SourceVersion "1"]
[SourceVersionDate "2025.07.31"]
[SourceQuality "1"]

1. c4 e6 2. Nc3 d5 3. d4 Nf6 4. cxd5 exd5 5. Bg5 Be7 6. e3 O-O 7. Bd3 c6 8. Nf3 Re8 $1 {[%mdl 4] is recently more successful than 8...Nbd7. ist inzwischen erfolgreicher als 8...Sbd7.} 9. O-O ({RR} 9. h3 Ne4 10. Bf4 Bd6 11. Ne5 Bf5 12. Bxe4 Bxe4 13. Nxe4 dxe4 14. O-O Bxe5 15. dxe5 Na6 16. Rc1 Qxd1 17. Rfxd1 Rad8 18. Rd6 Rxd6 19. exd6 Nb8 20. a4 Nd7 21. a5 c5 22. b4 Rc8 23. bxc5 Rxc5 {Yu Yangyi (2729)-Nesterov,A (2590) Sharjah UAE 2024 ½-½ (65)}) 9... Bg4 10. Qb3 ({RR} 10. h3 Bh5 11. Qc2 Nbd7 12. Ne5 Bg6 13. Bxg6 hxg6 14. f4 Nxe5 15. fxe5 Nd7 16. Bxe7 Qxe7 17. Rf3 Rf8 18. Raf1 a5 19. e4 Nb6 20. exd5 cxd5 21. Qb3 Qe6 22. Nb5 a4 23. Qb4 Rad8 24. Nd6 Rxd6 {Vaidyanathan,A (2111)-Dishman,M (1978) London ENG 2025 1-0 (31)}) 10... Qb6 $146 ({RR} 10... Bc8 11. Qc2 h6 12. Bxf6 Bxf6 13. b4 b6 14. Rfc1 Bb7 15. Rab1 Nd7 16. Qb3 Nf8 17. Na4 a6 18. Nb2 g6 19. Bf1 Nd7 20. Nd3 Kg7 21. g3 h5 22. h4 b5 23. Nc5 Nxc5 24. dxc5 a5 25. a3 {Haigh,T (1810)-Dinev,D (2297) Novi Sad 2016 0-1 (33)}) 11. Qc2 $146 (11. Ne5 Be6 12. Qc2 h6 13. Bxf6 Bxf6 14. f4 Bxe5 15. Na4 Qd8 16. dxe5 f6 17. f5 {1-0 Raap,C (2337)-Walter,M (2040) Remote email 2013}) 11... Bxf3 12. gxf3 Nbd7 13. Kh1 g6 14. Rg1 Nh5 15. h4 Qd8 16. f4 Kh8 17. Rg2 Rg8 18. Rag1 Qf8 19. f5 f6 20. Bf4 Nxf4 21. exf4 g5 22. hxg5 fxg5 23. f6 Nxf6 24. Rh2 Bd6 25. Bxh7 Bxf4 26. Rh3 g4 27. Bxg8+ gxh3 28. Be6 Qh6 29. Qf5 Rf8 30. Rg6 1/2-1/2